Normal view
MARC view
Entry Personal Name
001 - CONTROL NUMBER
- control field: 74221
003 - CONTROL NUMBER IDENTIFIER
- control field: MY-SjTCS
005 - DATE AND TIME OF LATEST TRANSACTION
- control field: 20191205135259.0
008 - FIXED-LENGTH DATA ELEMENTS
- fixed length control field: 150601nn a|a||abb| a a|a d
039 #9 -
- : 201506011005
- : pushpa
040 ## - CATALOGING SOURCE
- Original cataloging agency: VRT
- Transcribing agency: VRT
100 1# - HEADING--PERSONAL NAME
- Personal name: Slorach, J. Scott
400 1# - SEE FROM TRACING--PERSONAL NAME
- Personal name: Slorach, Scott
670 ## - SOURCE DATA FOUND
- Source citation: Legal systems & skills /:
- Information found: t.p. (Scott Slorach, Judith Embley, Peter Goodchild, Catherine Shephard.)
999 ## -
- : VIRTUA4 x
999 ## -
- : VTLSSORT0080*0400*1000*4000*6700*9991